Score 0/20 Timer 05:00
0 Plays Today
TWO WORDS ONE WORD (begins with H) % Correct
Shakespeare. Tragedy.Hamlet
93.9%
Thanksgiving. Easter.Holiday
92.3%
Ivy. School.Harvard
90.6%
Canadiens. Sport. Hockey
90.5%
Beatle. Surname.Harrison
87.8%
Wrestling. Hulk.Hogan
87.6%
D'oh! Dad.Homer
86.4%
Snake. Speak.Hiss
78.4%
Bee. Vomit.Honey
77.9%
Nun. Attire.Habit
76.4%
TWO WORDS ONE WORD (begins with H) % Correct
Marx. Brother.Harpo
69.8%
Kisses. Creator.Hershey
69.6%
Hungry. Hungry.Hippos
69.3%
Hogwarts. Gamekeeper.Hagrid
63.9%
Papa. Ernest.Hemingway
59.6%
Wimpy's. Repast.Hamburger
56.6%
Silver. Flicka.Horse
55.1%
Hermits. Leader.Herman
50%
Tennis. Simona.Halep
26.9%
Bane. Actor.Hardy
26.3%
Remove Ads.
Support Sporcle.
Get the best of Sporcle when you Go Orange. This ad-free experience offers more features, more stats, and more fun while also helping to support Sporcle. Thank you for becoming a member.

You're not logged in!

Compare scores with friends on all Sporcle quizzes.
OR
Log In

Sporcle TV

Today on Sporcle TV


Watch our educational content, quiz creation guides, and fun videos on Sporcle TV.

Show Comments

Extras

Top Quizzes Today


Score Distribution

Paid Content

Your Account Isn't Verified!

In order to create a playlist on Sporcle, you need to verify the email address you used during registration. Go to your Sporcle Settings to finish the process.

Report this User

Report this user for behavior that violates our Community Guidelines.

Details: